Giáo trình đàm thoại tiếng nhật : 日本語会話教科書 / Tập 3

Αποθηκεύτηκε σε:
Λεπτομέρειες βιβλιογραφικής εγγραφής
Κύριος συγγραφέας: Bara, Mistu
Μορφή: Βιβλίο
Έκδοση: HCM : NXB Thanh niên, 2008.
Θέματα:
Ετικέτες: Προσθήκη ετικέτας
Δεν υπάρχουν, Καταχωρήστε ετικέτα πρώτοι!
Thư viện lưu trữ: Mạng thư viện Đại học Đà Nẵng
LEADER 01114nam a22003131a 4500
001 000038706
003 15001
005 20210405171023.0
008 160412s2008 000
020 |c 39000 
040 |a lnn  |b lnn 
041 |a jan 
082 1 4 |a 495.682  |b BA-M 
100 1 |a Bara, Mistu 
245 0 |a Giáo trình đàm thoại tiếng nhật :  |b 日本語会話教科書 /  |c Mistu Bara.  |n Tập 3 
260 |a HCM :  |b NXB Thanh niên,  |c 2008. 
300 |a 220tr . ; :  |b mh. : ;  |c 20,5cm. 
650 4 |a đàm thoạitiếng nhật  |x Tiếng Nhật 
653 |a giáo tŕnh tiếng nhật  |a Tiếng Nhật 
OWN |a LNN 
902 1 |a GTN 
AVA |a UDN50  |b LNN  |c Japanese-Korean-Thailander  |d 495.682 BA-M  |e available  |t Error 5001 Not defined in file expand_doc_bib_avail.  |f 3  |g 0  |h N  |i 0  |j HN 
999 |a From the UDN01 
AVA |a UDN50  |b LNN  |c Japanese-Korean-Thailander  |d 495.682 BA-M  |e available  |t Error 5001 Not defined in file expand_doc_bib_avail.  |f 3  |g 0  |h N  |i 0  |j HN 
TYP |a Monograph 
980 |a Mạng thư viện Đại học Đà Nẵng